[Event "Aeroflot Open 2012 B"]
[Site "Moscow"]
[Date "2012.02.13"]
[Round "7"]
[White "Soumya, Swaminathan"]
[Black "Nguyen, Van Huy"]
[Result "0-1"]
[WhiteElo "2280"]
[BlackElo "2473"]
[PlyCount "136"]
[EventDate "2012.02.07"]
[EventType "swiss"]

1. e4 c5 2. Nf3 Nc6 3. d4 cxd4 4. Nxd4 g6 5. Nc3 Bg7 6. Be3 Nf6 7. Bc4 O-O 8.
Bb3 d6 9. f3 Bd7 10. Qd2 Nxd4 11. Bxd4 b5 12. a4 bxa4 13. Bxa4 a5 14. O-O Bc6
15. Nd5 Bxd5 16. exd5 Nh5 17. Bc6 Rb8 18. Bxg7 Kxg7 19. Qd4+ Nf6 20. b3 Qc7 21.
Ra4 e6 22. Rf2 exd5 23. Bxd5 Rfe8 24. Bc4 Re5 25. Bf1 Rd5 26. Qa1 Rb4 27. c4
Re5 28. f4 Re6 29. Rxb4 axb4 30. g4 Kg8 31. f5 gxf5 32. gxf5 Re5 33. Qc1 Kf8
34. Qg5 Ke7 35. Bd3 Qa7 36. Kg2 Qa8+ 37. Kh3 Qa1 38. Kg2 Qd4 39. Be2 Qe3 40.
Qxe3 Rxe3 41. Bd1 Ne4 42. Ra2 Nc5 43. Ra5 Rd3 44. Bh5 Kf6 45. Ra7 Kg5 46. Be2
Rxb3 47. Rxf7 Rc3 48. h4+ Kxh4 49. Rg7 Rc2 50. Kf3 b3 51. Kf4 h5 52. Rg1 Kh3
53. Rh1+ Kg2 54. Bf3+ Kf2 55. Rh2+ Ke1 56. Rxh5 Rxc4+ 57. Kg3 b2 58. f6 Kd2 59.
f7 Nd7 60. Rb5 Kc1 61. Bg4 Nf8 62. Bf5 Rc5 63. Rxc5+ dxc5 64. Kf4 c4 65. Kg5 c3
66. Kf6 b1=Q 67. Bxb1 Kxb1 68. Ke7 Nh7 0-1

[Event "Aeroflot Open 2012 B"]
[Site "Moscow"]
[Date "2012.02.13"]
[Round "7"]
[White "Krapivin, Alexander"]
[Black "Zhai, Mo"]
[Result "1/2-1/2"]
[WhiteElo "2445"]
[BlackElo "2191"]
[PlyCount "122"]
[EventDate "2012.02.07"]
[EventType "swiss"]

1. e4 c5 2. Nc3 Nc6 3. g3 g6 4. Bg2 Bg7 5. d3 d6 6. Be3 e6 7. Qd2 Nd4 8. Nd1
Ne7 9. c3 Ndc6 10. Bh6 O-O 11. h4 Bxh6 12. Qxh6 f6 13. Qd2 h5 14. f4 d5 15. Nf3
c4 16. exd5 exd5 17. O-O Qb6+ 18. d4 Nf5 19. Kh2 Be6 20. Re1 Rae8 21. Ne3 Nce7
22. b3 Nxe3 23. Rxe3 Nf5 24. Re2 cxb3 25. axb3 Qxb3 26. Rxa7 Nd6 27. Qb2 Qxb2
28. Rxb2 Rc8 29. Rb3 Rc6 30. Ne1 Rfc8 31. Nd3 Rxc3 32. Rxc3 Rxc3 33. Nc5 Bf7
34. Nxb7 Nxb7 35. Rxb7 Rd3 36. Rb4 Be6 37. Ra4 Kf8 38. Ra8+ Ke7 39. Ra7+ Kd6
40. Ra8 Kc7 41. Ra7+ Kb6 42. Re7 Bf5 43. Bxd5 Rxd4 44. Be6 Rd2+ 45. Kg1 Re2 46.
Bxf5 Rxe7 47. Bxg6 Rg7 48. f5 Rg8 49. Kg2 Rh8 50. g4 hxg4 51. Kg3 Kc5 52. Kxg4
Kd4 53. h5 Ke5 54. Kf3 Kd4 55. Kf4 Kd3 56. Kf3 Kd4 57. Kf4 Kd3 58. Kf3 Kd4 59.
Kf4 Kd5 60. Ke3 Ke5 61. Kf3 Rxh5 1/2-1/2

[Event "Aeroflot Open 2012 B"]
[Site "Moscow"]
[Date "2012.02.13"]
[Round "7"]
[White "Hernandez, Alexander"]
[Black "Badmatsyrenov, Oleg"]
[Result "0-1"]
[WhiteElo "2270"]
[BlackElo "2445"]
[PlyCount "110"]
[EventDate "2012.02.07"]
[EventType "swiss"]

1. e4 c5 2. Nf3 e6 3. d4 cxd4 4. Nxd4 a6 5. Bd3 Bc5 6. Nb3 Be7 7. Nc3 d6 8. a4
b6 9. O-O Nd7 10. f4 Ngf6 11. Qe2 Qc7 12. Be3 Bb7 13. Rae1 g6 14. Bd4 O-O 15.
e5 Nh5 16. Nd2 Nxf4 17. Rxf4 dxe5 18. Bxe5 Nxe5 19. Be4 Rad8 20. Bxb7 Qxb7 21.
Nde4 f5 22. Nf2 Bf6 23. Nd3 Nxd3 24. Qxe6+ Kg7 25. cxd3 Rxd3 26. Rc4 Rf7 27.
Rc6 Qd7 28. Kf1 Qd4 29. Rc4 Qd8 30. Rc8 Qd4 31. Rc4 Qd6 32. g3 Rd2 33. Qxd6
Rxd6 34. Rd1 Rxd1+ 35. Nxd1 Rd7 36. Ke2 Bd4 37. Rc6 a5 38. Nc3 Kh6 39. Nb5 Bc5
40. Nc7 Rd4 41. Ne6 Re4+ 42. Kf3 Re3+ 43. Kf4 Re2 44. Nxc5 bxc5 45. Rxc5 Rxb2
46. Rxa5 Rf2+ 47. Ke3 Rxh2 48. Rb5 Kg5 49. Rb4 Rc2 50. Rh4 Ra2 51. Rxh7 Kg4 52.
Rh1 g5 53. Rg1 Rxa4 54. Kf2 Ra2+ 55. Ke3 Ra3+ 0-1

[Event "Aeroflot Open 2012 B"]
[Site "Moscow"]
[Date "2012.02.13"]
[Round "7"]
[White "Mohota, Nisha"]
[Black "Kunin, Vitaly"]
[Result "0-1"]
[WhiteElo "2323"]
[BlackElo "2537"]
[PlyCount "134"]
[EventDate "2012.02.07"]
[EventType "swiss"]

1. d4 d6 2. Nf3 g6 3. g3 Bg7 4. Bg2 Nd7 5. O-O e5 6. dxe5 dxe5 7. Nc3 Ngf6 8.
h3 O-O 9. Be3 Qe7 10. Qd2 Nb6 11. Bg5 Rd8 12. Qc1 Re8 13. Ne4 Qe6 14. Bxf6 Bxf6
15. Nfg5 Qe7 16. Nxf6+ Qxf6 17. c4 Rd8 18. c5 Nd5 19. Rd1 c6 20. e4 Nc7 21.
Rxd8+ Qxd8 22. Nf3 f6 23. Qc2 Be6 24. Bf1 Qe7 25. b4 a5 26. Qb2 axb4 27. Qxb4
b5 28. a4 Rxa4 29. Rxa4 bxa4 30. Ne1 Kg7 31. Qxa4 Qxc5 32. Nd3 Qd6 33. Qa7 Bf7
34. Qb8 c5 35. Nb2 Ne8 36. Qa7 Qc7 37. Qxc7 Nxc7 38. f3 Kf8 39. Kf2 Ke7 40. Ke3
Kd6 41. f4 Be6 42. h4 Na8 43. Kd3 Nb6 44. Kc3 exf4 45. gxf4 f5 46. e5+ Kc6 47.
Bg2+ Kb5 48. Bf3 c4 49. Kd4 Kb4 50. Nd1 Na4 51. Ne3 Nc3 52. Nc2+ Kb3 53. Ne3
Ne4 54. Bd1+ Kb4 55. Nc2+ Ka5 56. Be2 c3 57. Bc4 Bxc4 58. Kxc4 Kb6 59. Kd5 Kc7
60. Ke6 h6 61. Kf7 g5 62. fxg5 hxg5 63. h5 g4 64. h6 g3 65. Kf8 Ng5 66. Ne3 c2
67. Nxc2 g2 0-1

[Event "Aeroflot Open 2012 B"]
[Site "Moscow"]
[Date "2012.02.13"]
[Round "7"]
[White "Grover, Sahaj"]
[Black "Wang, Jue"]
[Result "1-0"]
[WhiteElo "2532"]
[BlackElo "2388"]
[PlyCount "131"]
[EventDate "2012.02.07"]
[EventType "swiss"]

1. d4 Nf6 2. c4 g6 3. f3 Bg7 4. e4 d6 5. Nc3 O-O 6. Nge2 a6 7. Be3 c6 8. c5 b5
9. cxd6 exd6 10. Nf4 Nbd7 11. Be2 Nb6 12. O-O Re8 13. Bf2 Bb7 14. Nd3 Qc7 15.
a4 bxa4 16. Nxa4 Nxa4 17. Rxa4 Nd7 18. Qc2 Rac8 19. Rc1 Qd8 20. Qb3 Rb8 21. Qa2
c5 22. dxc5 dxc5 23. b3 Rc8 24. Rac4 Ne5 25. Nxe5 Bxe5 26. Rxc5 Rxc5 27. Rxc5
Bd4 28. Rc1 Bxf2+ 29. Kxf2 Qb6+ 30. Kf1 Rd8 31. b4 Rd7 32. Qa4 Qe6 33. Qa5 Qf6
34. Rc7 Rxc7 35. Qxc7 Bxe4 36. Qc8+ Kg7 37. Qxa6 Qf5 38. g4 Qe5 39. fxe4 Qf4+
40. Ke1 Qc1+ 41. Kf2 Qf4+ 42. Bf3 Qd2+ 43. Kg3 Qxb4 44. Qa1+ Kh6 45. h4 f6 46.
e5 g5 47. hxg5+ Kxg5 48. Qc1+ Kg6 49. Qh1 Qc3 50. Qh5+ Kg7 51. exf6+ Qxf6 52.
Qc5 Qe6 53. Qc3+ Kg8 54. Qd4 Qe1+ 55. Kg2 Qh4 56. Bd5+ Kf8 57. Qf2+ Qxf2+ 58.
Kxf2 Ke7 59. Kg3 Kf6 60. Kh4 Kg6 61. Be4+ Kh6 62. Bd3 Kg7 63. Kh5 Kg8 64. Kh6
Kh8 65. g5 Kg8 66. Bxh7+ 1-0

[Event "Aeroflot Open 2012 B"]
[Site "Moscow"]
[Date "2012.02.13"]
[Round "7"]
[White "Swayams, Mishra"]
[Black "Gladyszev, Oleg"]
[Result "1/2-1/2"]
[WhiteElo "2386"]
[BlackElo "2458"]
[PlyCount "85"]
[EventDate "2012.02.07"]
[EventType "swiss"]

1. d4 Nf6 2. Nf3 g6 3. Bg5 Bg7 4. Nbd2 d5 5. e3 O-O 6. c4 c5 7. dxc5 Na6 8. Nb3
Ne4 9. Qxd5 Nb4 10. Qxe4 Bf5 11. Bxe7 Bxe4 12. Bxd8 Nc2+ 13. Kd2 Nxa1 14. Be7
Rfe8 15. Bd6 Nxb3+ 16. axb3 Bxb2 17. Bd3 Bxd3 18. Kxd3 Ba3 19. Nd4 b6 20. Nb5
Bxc5 21. Bxc5 bxc5 22. Ra1 Red8+ 23. Kc2 a5 24. Nc7 Ra7 25. Nd5 f5 26. f4 Kf7
27. h3 Ke6 28. Kc3 h6 29. g4 Rb8 30. Kc2 fxg4 31. hxg4 h5 32. gxh5 gxh5 33. Nc3
h4 34. Rh1 Rh8 35. Kd3 Rb7 36. Ke2 Rxb3 37. Ne4 Kf5 38. Kf3 Rb4 39. Rd1 Kg6 40.
Rd6+ Kf7 41. Rd7+ Kf8 42. Rd8+ Kg7 43. Rd7+ 1/2-1/2

[Event "Aeroflot Open 2012 B"]
[Site "Moscow"]
[Date "2012.02.13"]
[Round "7"]
[White "Antipov, Mikhail Al"]
[Black "Padmini, Rout"]
[Result "1-0"]
[WhiteElo "2436"]
[BlackElo "2383"]
[PlyCount "93"]
[EventDate "2012.02.07"]
[EventType "swiss"]

1. e4 c5 2. Nf3 d6 3. d4 cxd4 4. Nxd4 Nf6 5. Nc3 a6 6. h3 e5 7. Nde2 h5 8. Bg5
Be6 9. Bxf6 Qxf6 10. Nd5 Qd8 11. Nec3 Nd7 12. a4 Rc8 13. a5 Nf6 14. Be2 Bxd5
15. Nxd5 g6 16. Nb6 Rc6 17. Bc4 Bh6 18. Bd5 Rc7 19. O-O O-O 20. c3 Kh7 21. Qe2
h4 22. Bc4 Nh5 23. Nd5 Nf4 24. Nxf4 exf4 25. Bd5 Bg7 26. Ra4 Be5 27. Rb4 Qe7
28. Ra1 Rd8 29. Ra3 Rdd7 30. Rab3 Rc5 31. Qd1 f3 32. gxf3 Rxa5 33. Rxb7 Rc5 34.
f4 Bf6 35. Qg4 Rxb7 36. Rxb7 Rc7 37. Rb6 a5 38. Rb8 a4 39. f5 a3 40. fxg6+ fxg6
41. bxa3 Bxc3 42. Kg2 Bd4 43. e5 Bxe5 44. Be4 Qf6 45. Qh5+ Kg7 46. Qh8+ Kf7 47.
Qg8+ 1-0

[Event "Aeroflot Open 2012 B"]
[Site "Moscow"]
[Date "2012.02.13"]
[Round "7"]
[White "Diermair, Andreas"]
[Black "Blanco, Cristobal J"]
[Result "1/2-1/2"]
[WhiteElo "2429"]
[BlackElo "2385"]
[PlyCount "139"]
[EventDate "2012.02.07"]
[EventType "swiss"]

1. d4 d5 2. c4 c6 3. Nf3 Nf6 4. Nc3 g6 5. e3 Bg7 6. Be2 O-O 7. O-O a6 8. a4
Nbd7 9. a5 Ne4 10. cxd5 Nxc3 11. bxc3 cxd5 12. Ba3 Re8 13. Qb3 e6 14. Bd6 Nf6
15. Be5 Bf8 16. Rfc1 Ne4 17. h3 f6 18. Bh2 Bd6 19. c4 Bxh2+ 20. Nxh2 Nd2 21.
Qb4 Nxc4 22. Bxc4 dxc4 23. Rxc4 Rb8 24. e4 Bd7 25. Ng4 h5 26. Ne3 b6 27. axb6
Rxb6 28. Qc3 Qb8 $11 29. d5 Qe5 30. Qxe5 fxe5 31. Rc7 Bb5 32. Rac1 Rd6 33. dxe6
Rexe6 34. Nd5 Rd7 35. f3 Rxc7 36. Nxc7 Rb6 37. Rc5 Rb7 38. Ne6 Re7 39. Nc7 Bd3
40. Rc3 Bb5 41. Nxb5 axb5 42. Rc8+ Kf7 43. Rb8 Ra7 44. Rxb5 Ra1+ 45. Kf2 Ra2+
46. Kg3 Kf6 47. h4 Rc2 48. Rb6+ Kf7 49. Kh3 Rc3 50. Rb2 Kf6 51. Re2 Rb3 52. Kg3
Rb6 53. Re3 Rb2 54. Ra3 Rc2 55. f4 exf4+ 56. Kf3 Ke5 57. Ra5+ Ke6 58. Rg5 Kf6
59. Kxf4 Rf2+ 60. Ke3 Rf1 61. e5+ Kf7 62. Rg3 Rh1 63. Rh3 Ra1 64. Rf3+ Ke7 65.
Rf6 Ra4 66. g3 Rg4 67. Kf3 g5 68. hxg5 Rxg5 69. Kf4 Rg4+ 70. Kf3 1/2-1/2

[Event "Aeroflot Open 2012 B"]
[Site "Moscow"]
[Date "2012.02.13"]
[Round "7"]
[White "Zhang, Xiaowen"]
[Black "Froewis, Georg"]
[Result "1/2-1/2"]
[WhiteElo "2348"]
[BlackElo "2424"]
[PlyCount "36"]
[EventDate "2012.02.07"]
[EventType "swiss"]

1. e4 e6 2. d4 d5 3. Nd2 c5 4. exd5 Qxd5 5. Ngf3 cxd4 6. Bc4 Qd6 7. O-O Nf6 8.
Nb3 Nc6 9. Nbxd4 Nxd4 10. Nxd4 a6 11. Re1 Qc7 12. Qe2 Bc5 13. c3 b5 14. Bb3 O-O
15. Bg5 Bb7 16. Bxf6 gxf6 17. Qh5 Kh8 18. Qh6 Rg8 1/2-1/2

[Event "Aeroflot Open 2012 B"]
[Site "Moscow"]
[Date "2012.02.13"]
[Round "7"]
[White "Kanter, Eduard"]
[Black "Illner, Achim"]
[Result "0-1"]
[WhiteElo "2414"]
[BlackElo "2375"]
[PlyCount "100"]
[EventDate "2012.02.07"]
[EventType "swiss"]

1. d4 d5 2. c4 e6 3. Nf3 Nf6 4. g3 dxc4 5. Bg2 Bd7 6. Qc2 c5 7. O-O Bc6 8. dxc5
Bxc5 9. Qxc4 Nbd7 10. Nc3 Rc8 11. Qb3 O-O 12. Na4 Be7 13. Nd4 Bxg2 14. Kxg2 Nc5
15. Nxc5 Qxd4 16. Nd3 b6 17. Kg1 Rfd8 18. Bd2 Qe4 19. Rfe1 h5 20. Bg5 Qf5 21.
Bxf6 Bxf6 22. Rad1 Qe4 23. Nf4 h4 24. Rxd8+ Rxd8 25. Rd1 Rc8 26. f3 Qe5 27. Rd2
Rc1+ 28. Kg2 g6 29. Qd3 Kg7 30. b3 hxg3 31. hxg3 Qa1 32. Nh3 Rc3 33. Qd7 Qe1
34. Nf2 Re3 35. a4 a5 36. Qd6 Rxe2 37. Rxe2 Qxe2 38. Qxb6 Qd2 39. Qb5 Bd4 40.
Qf1 Kf8 41. g4 Ke7 42. Kg3 Bxf2+ 43. Qxf2 Qxf2+ 44. Kxf2 Kd6 45. Ke3 Kc5 46.
Ke4 Kb4 47. Ke5 Kxb3 48. Kf6 Kxa4 49. Kxf7 Kb5 50. Kxg6 a4 0-1

[Event "Aeroflot Open 2012 B"]
[Site "Moscow"]
[Date "2012.02.13"]
[Round "7"]
[White "Kreisl, Robert"]
[Black "Ankit, R. Rajpara"]
[Result "1/2-1/2"]
[WhiteElo "2406"]
[BlackElo "2349"]
[PlyCount "29"]
[EventDate "2012.02.07"]
[EventType "swiss"]

1. Nf3 d5 2. d4 Nf6 3. c4 c6 4. Nc3 dxc4 5. a4 e6 6. e3 c5 7. Bxc4 Nc6 8. O-O
cxd4 9. exd4 Be7 10. Qe2 O-O 11. Rd1 Nd5 12. Qe4 Nf6 13. Qe2 Nd5 14. Qe4 Nf6
15. Qe2 1/2-1/2

[Event "Aeroflot Open 2012 B"]
[Site "Moscow"]
[Date "2012.02.13"]
[Round "7"]
[White "Nitin, S."]
[Black "Savitskiy, Sergey"]
[Result "1/2-1/2"]
[WhiteElo "2399"]
[BlackElo "2301"]
[PlyCount "70"]
[EventDate "2012.02.07"]
[EventType "swiss"]

1. e4 c5 2. Nc3 e6 3. Nge2 Nf6 4. d4 cxd4 5. Nxd4 d6 6. g4 h6 7. Rg1 Nc6 8. Be3
a6 9. h4 Nxd4 10. Qxd4 e5 11. Qd1 Qa5 12. Bd2 Be6 13. g5 hxg5 14. hxg5 Nd7 15.
Nd5 Qd8 16. g6 Bxd5 17. exd5 f5 18. Qf3 Qf6 19. Bh3 f4 20. Be6 Nc5 21. Bf7+ Kd7
22. Bb4 Rh4 23. Bxc5 dxc5 24. d6 Rb8 25. O-O-O Bxd6 26. Rxd6+ Kxd6 27. Qd5+ Ke7
28. Rd1 Kf8 29. Be6 Re8 30. Qxc5+ Qe7 31. Rd6 Rh1+ 32. Kd2 Rh5 33. Rd7 Qxc5 34.
Rf7+ Kg8 35. Re7+ Kf8 1/2-1/2

[Event "Aeroflot Open 2012 B"]
[Site "Moscow"]
[Date "2012.02.13"]
[Round "7"]
[White "Kabanov, Nikolai"]
[Black "Papp, Petra"]
[Result "1/2-1/2"]
[WhiteElo "2522"]
[BlackElo "2269"]
[PlyCount "145"]
[EventDate "2012.02.07"]
[EventType "swiss"]

1. e4 e5 2. Nf3 Nc6 3. Nc3 Nf6 4. d4 exd4 5. Nxd4 Bb4 6. Nxc6 bxc6 7. Bd3 O-O
8. O-O d5 9. exd5 cxd5 10. Bg5 c6 11. Na4 Bd6 12. c4 Rb8 13. Re1 Bd7 14. b3 Re8
15. Rxe8+ Bxe8 16. Qf3 h6 17. Bxf6 Qxf6 18. Qxf6 gxf6 19. Rd1 c5 20. Nc3 d4 21.
Ne4 Be7 22. Ng3 Bd7 23. Bf5 Be6 24. Re1 Rb6 25. Bc2 Kf8 26. f4 Ra6 27. a4 Rb6
28. Rb1 Bd7 29. Kf2 Rd6 30. Be4 Be6 31. Ke2 a5 32. Kd3 Rb6 33. Kc2 Bd7 34. Rf1
Bd8 35. Bf5 Bc6 36. Rf2 Bc7 37. Nh5 Bb7 38. Re2 Rd6 39. Kd2 Bb8 40. h3 Bc7 41.
g4 Bb8 42. Rf2 Rb6 43. Kc2 Bc7 44. Ng3 Bd6 45. Be4 Bc8 46. Bd5 Bd7 47. Ne4 f5
48. Nf6 Bc8 49. Re2 Be7 50. Nh7+ Ke8 51. g5 d3+ 52. Kxd3 Rxb3+ 53. Kc2 Rxh3 54.
Rd2 Bd7 55. Bxf7+ Kxf7 56. Rxd7 Ke6 57. Ra7 hxg5 58. Ra6+ Kd7 59. Nxg5 Bxg5 60.
fxg5 Rg3 61. Rxa5 Rg2+ 62. Kd3 Rg3+ 63. Kd2 Rg2+ 64. Ke3 Rxg5 65. Ra7+ Kc6 66.
Ra6+ Kb7 67. Rf6 Rg3+ 68. Kd2 Rg2+ 69. Ke3 Rg3+ 70. Kd2 Rg2+ 71. Kd3 Rg3+ 72.
Ke2 Rg2+ 73. Ke3 1/2-1/2

[Event "Aeroflot Open 2012 B"]
[Site "Moscow"]
[Date "2012.02.13"]
[Round "7"]
[White "Goryachkina, Aleksandra"]
[Black "Cori T., Deysi"]
[Result "1/2-1/2"]
[WhiteElo "2333"]
[BlackElo "2415"]
[PlyCount "230"]
[EventDate "2012.02.07"]
[EventType "swiss"]

1. d4 f5 2. Nf3 Nf6 3. g3 g6 4. Bg2 Bg7 5. O-O O-O 6. b3 c6 7. Bb2 a5 8. c4 d6
9. Nc3 Re8 10. Re1 Na6 11. h3 Ne4 12. Nxe4 fxe4 13. Nd2 d5 14. f4 exf3 15. Nxf3
Bf5 16. Nh4 Be4 17. Bxe4 dxe4 18. Qd2 e5 19. Rad1 e3 20. Qxe3 exd4 21. Qf3 Qb6
22. e3 Rf8 23. Qg4 dxe3 24. Qe6+ Rf7 25. Rd7 e2+ 26. Kh1 Raf8 27. Rxf7 Rxf7 28.
Bxg7 Kxg7 29. Qe5+ Kh6 30. Qxe2 Qf2 31. Qe3+ Qxe3 32. Rxe3 Rf2 33. a4 Nb4 34.
Nf3 Rb2 35. g4 Kg7 36. g5 Kf8 37. Nd4 Nc2 38. Nxc2 Rxc2 39. Kg1 Kf7 40. Kf1 Rb2
41. Kg1 Rd2 42. Kf1 Rc2 43. Kg1 Rb2 44. Kf1 Rd2 45. Kg1 Rd6 46. Kf2 Re6 47. Rd3
Ke7 48. Rd4 Re5 49. Rh4 Rf5+ 50. Ke3 Rf7 51. Kd4 Kd6 52. c5+ Ke6 53. Ke4 Rd7
54. Rh6 Re7 55. Rh4 Rf7 56. Rh6 Rd7 57. Rh4 Re7 58. Rh6 Kf7+ 59. Kd4 Rd7+ 60.
Kc4 Ke6 61. b4 axb4 62. Kxb4 Kd5 63. Rh4 Rf7 64. Rh6 Rf4+ 65. Kb3 Rf7 66. Kb4
Re7 67. Rh4 Rf7 68. Rh6 Rf4+ 69. Kb3 Kxc5 70. Rxh7 b6 71. Rh6 Rb4+ 72. Ka3 Rd4
73. Kb3 Rd6 74. h4 Rd3+ 75. Kc2 Rh3 76. Kb2 Kd5 77. Kc2 c5 78. Rxg6 Rxh4 79.
Rxb6 Rxa4 80. Rb3 Ra2+ 81. Rb2 Ra4 82. Rb3 Rg4 83. Rh3 Kc4 84. Rf3 Rxg5 85. Rh3
Rg2+ 86. Kc1 Kb4 87. Rf3 Ra2 88. Kb1 Re2 89. Kc1 c4 90. Rh3 Rg2 91. Rf3 Ra2 92.
Kb1 Rh2 93. Kc1 Re2 94. Rh3 Ra2 95. Kb1 Rd2 96. Kc1 Rd7 97. Kc2 Ra7 98. Rg3
Ra2+ 99. Kb1 Rd2 100. Kc1 Re2 101. Rh3 Kc5 102. Rg3 Kd4 103. Rh3 Ra2 104. Rg3
Re2 105. Rh3 Re3 106. Rxe3 Kxe3 107. Kc2 Ke4 108. Kc3 Kd5 109. Kc2 Kd4 110. Kd2
c3+ 111. Kc1 Kc5 112. Kc2 Kb4 113. Kc1 Kb3 114. Kb1 c2+ 115. Kc1 Kc4 1/2-1/2

[Event "Aeroflot Open 2012 B"]
[Site "Moscow"]
[Date "2012.02.13"]
[Round "7"]
[White "Lavrov, Maxim"]
[Black "Yuffa, Daniil"]
[Result "0-1"]
[WhiteElo "2397"]
[BlackElo "2323"]
[PlyCount "72"]
[EventDate "2012.02.07"]
[EventType "swiss"]

1. e4 c5 2. c3 d6 3. d4 Nf6 4. Bd3 Nc6 5. Ne2 g6 6. h3 Bg7 7. Be3 Nd7 8. Nd2
cxd4 9. cxd4 O-O 10. O-O e5 11. d5 Nd4 12. Nc4 Qe7 13. f4 Nxe2+ 14. Qxe2 f5 15.
exf5 e4 16. Bc2 gxf5 17. Rfd1 b6 18. Bd4 Ba6 19. Bb3 Rac8 20. Bxg7 Qxg7 21.
Rac1 Nc5 22. Rc3 Kh8 23. Qc2 Qh6 24. Qd2 Nd3 25. Rf1 Rg8 26. Kh2 Rg7 27. Qe3
Rcg8 28. Rc2 Qf6 29. Re2 Nxb2 30. Rxb2 Bxc4 31. Rff2 Bd3 32. Ba4 Rg3 33. Qc1 e3
34. Rf3 Rxf3 35. gxf3 e2 36. Rb3 Qg7 0-1

[Event "Aeroflot Open 2012 B"]
[Site "Moscow"]
[Date "2012.02.13"]
[Round "7"]
[White "Szabo, Bence"]
[Black "Debashis, Das"]
[Result "0-1"]
[WhiteElo "2330"]
[BlackElo "2389"]
[PlyCount "76"]
[EventDate "2012.02.07"]
[EventType "swiss"]

1. d4 Nf6 2. c4 g6 3. Nc3 Bg7 4. e4 d6 5. Nf3 O-O 6. h3 e5 7. d5 a5 8. Bg5 Na6
9. Nd2 Qe8 10. Be2 h6 11. Be3 Nd7 12. O-O Nb6 13. Rc1 Bd7 14. b3 Kh7 15. a3 h5
16. Rb1 Nc5 17. b4 Nca4 18. Rc1 Nxc3 19. Rxc3 Na4 20. Rc1 axb4 21. axb4 f5 22.
exf5 Bxf5 23. Qb3 e4 24. c5 Qe5 25. Nc4 Qxd5 26. Rfd1 Qf7 27. cxd6 cxd6 28.
Rxd6 Rfc8 29. Na5 Qe7 30. Rxc8 Rxc8 31. Bf4 Nc3 32. Bf1 e3 33. fxe3 g5 34. Bg3
h4 35. Bh2 Qxe3+ 36. Kh1 Qe1 37. Qf7 Qxf1+ 38. Bg1 Ne2 0-1

[Event "Aeroflot Open 2012 B"]
[Site "Moscow"]
[Date "2012.02.13"]
[Round "7"]
[White "Ynojosa, Felix Jose"]
[Black "Ghosh, Diptayan"]
[Result "0-1"]
[WhiteElo "2327"]
[BlackElo "2372"]
[PlyCount "112"]
[EventDate "2012.02.07"]
[EventType "swiss"]

1. Nf3 d5 2. e3 Nf6 3. b3 Bg4 4. Bb2 Nbd7 5. Be2 c6 6. O-O e6 7. h3 Bh5 8. Ne5
Bxe2 9. Qxe2 Nxe5 10. Bxe5 Bd6 11. Bxd6 Qxd6 12. d3 O-O 13. Nd2 e5 14. e4 Rfe8
15. Rfe1 g6 16. Nf3 Nd7 17. c4 d4 18. a3 a5 19. Nd2 Nf8 20. g3 Ne6 21. Rf1 f6
22. Qg4 Nc5 23. Qe2 Ne6 24. Qg4 Nc5 25. Qe2 Ra6 26. b4 Na4 27. c5 Qe6 28. Nc4
Nc3 29. Qg4 Qxg4 30. hxg4 axb4 31. axb4 Rea8 32. Rxa6 Rxa6 33. Na5 Na2 34. Rb1
Nxb4 35. Rxb4 Rxa5 36. Rxb7 Rxc5 37. Kf1 Rc1+ 38. Ke2 Rc2+ 39. Ke1 c5 40. Rc7
g5 41. Rc8+ Kg7 42. Rc7+ Kg6 43. Rc6 h6 44. Rc7 h5 45. gxh5+ Kxh5 46. Rc6 Kg6
47. g4 Kf7 48. Rc8 Ke6 49. Rc6+ Ke7 50. Rc8 Kd6 51. Rf8 c4 52. Rxf6+ Kc5 53.
Rf5 Kb4 54. dxc4 Kc3 55. Rxe5 d3 56. c5 Rc1# 0-1

[Event "Aeroflot Open 2012 B"]
[Site "Moscow"]
[Date "2012.02.13"]
[Round "7"]
[White "Arabidze, Meri"]
[Black "Ivana Maria, Furtado"]
[Result "1-0"]
[WhiteElo "2358"]
[BlackElo "2065"]
[PlyCount "69"]
[EventDate "2012.02.07"]
[EventType "swiss"]

1. d4 Nf6 2. c4 e6 3. g3 d5 4. Bg2 Bb4+ 5. Bd2 Be7 6. Nf3 O-O 7. O-O c6 8. Qc2
Nbd7 9. b3 b6 10. Rd1 Bb7 11. Nc3 Rc8 12. e4 c5 13. exd5 exd5 14. Bf4 dxc4 15.
d5 Nh5 16. Be3 cxb3 17. axb3 c4 18. Rxa7 cxb3 19. Qxb3 Bc5 20. Rxb7 Bxe3 21.
Rxd7 Bxf2+ 22. Kxf2 Qxd7 23. Ne4 Qf5 24. Qd3 Rfe8 25. Bh3 Qxh3 26. Neg5 Nf4 27.
gxf4 Qh5 28. d6 Red8 29. d7 Ra8 30. Qe4 Rab8 31. Re1 Kf8 32. Qe7+ Kg8 33. Qe8+
Rxe8 34. Rxe8+ Rxe8 35. dxe8=Q# 1-0

[Event "Aeroflot Open 2012 B"]
[Site "Moscow"]
[Date "2012.02.13"]
[Round "7"]
[White "Le, Quang Long"]
[Black "Filipenko, Alexander V"]
[Result "1/2-1/2"]
[WhiteElo "2316"]
[BlackElo "2351"]
[PlyCount "93"]
[EventDate "2012.02.07"]
[EventType "swiss"]

1. d4 d5 2. c4 c6 3. Nc3 Nf6 4. Nf3 e6 5. Bg5 h6 6. Bh4 dxc4 7. e4 g5 8. Bg3 b5
9. Be2 Bg7 10. O-O O-O 11. e5 Nh5 12. Ne4 Nd7 13. Qc2 c5 14. dxc5 Nxg3 15. hxg3
Bb7 16. Nd6 Bxf3 17. Bxf3 Rb8 18. a4 a6 19. axb5 axb5 20. Ra7 Nxc5 21. Bh5 Nd3
22. Bxf7+ Rxf7 23. Nxf7 Qd4 24. Re7 Rf8 25. Nd6 Bxe5 26. Nxb5 Qc5 27. Rxe6 Qxb5
28. Rxh6 Bd4 29. Qe2 Qf5 30. Qh5 Nxf2 31. Rg6+ Bg7 32. Qh6 Qf7 33. Rxg7+ Qxg7
34. Qxg7+ Kxg7 35. Rxf2 Rb8 36. g4 Rb3 37. Rc2 Kf6 38. Kh2 Ke5 39. Rxc4 Rxb2
40. Kh3 Rb3+ 41. g3 Kf6 42. Rc6+ Kg7 43. Kg2 Ra3 44. Kf2 Rb3 45. Re6 Ra3 46.
Re3 Ra4 47. Kf3 1/2-1/2

[Event "Aeroflot Open 2012 B"]
[Site "Moscow"]
[Date "2012.02.13"]
[Round "7"]
[White "Munkhgal, Gombosuren"]
[Black "Byambaa, Zulzaga"]
[Result "1-0"]
[WhiteElo "2340"]
[BlackElo "2279"]
[PlyCount "75"]
[EventDate "2012.02.07"]
[EventType "swiss"]

1. d4 Nf6 2. c4 e6 3. Nc3 b6 4. e4 d6 5. Nf3 Bb7 6. Bd3 Nbd7 7. O-O Be7 8. Re1
e5 9. d5 O-O 10. h3 Nc5 11. Bc2 a5 12. a3 c6 13. Rb1 cxd5 14. cxd5 Rc8 15. Be3
h6 16. b4 axb4 17. axb4 Ncd7 18. Nb5 Ba6 19. Na7 b5 20. Nxc8 Qxc8 21. Bd3 Qb7
22. Rc1 Nb8 23. Qc2 Bd8 24. Nd2 Nfd7 25. Nb3 f6 26. Na5 Bxa5 27. bxa5 b4 28.
Bxa6 Nxa6 29. Qc6 Ndc5 30. Bxc5 Qxc6 31. dxc6 dxc5 32. Red1 Rc8 33. Rd6 Kf8 34.
c7 Nxc7 35. Rxc5 Ke7 36. Rb6 Kd7 37. Rxb4 Ra8 38. Rb7 1-0

[Event "Aeroflot Open 2012 B"]
[Site "Moscow"]
[Date "2012.02.13"]
[Round "7"]
[White "Gomez, John Paul"]
[Black "Gagare, Shardul"]
[Result "1-0"]
[WhiteElo "2506"]
[BlackElo "2268"]
[PlyCount "65"]
[EventDate "2012.02.07"]
[EventType "swiss"]

1. e4 c6 2. c4 d5 3. exd5 cxd5 4. cxd5 Nf6 5. Nc3 g6 6. Bc4 Bg7 7. Nf3 O-O 8.
O-O Nbd7 9. d3 Nb6 10. Qb3 Qc7 11. Re1 Bf5 12. h3 Nxc4 13. dxc4 Rac8 14. g4 Bd3
15. Ne5 Bxc4 16. Nxc4 Qxc4 17. Qxc4 Rxc4 18. Rxe7 h6 19. Rxb7 Rd8 20. Be3 a5
21. Bb6 Rb4 22. Bxd8 Rxb7 23. Rb1 Nxg4 24. hxg4 Bxc3 25. d6 Rd7 26. Bc7 Be5 27.
Bxa5 Bxd6 28. Bc3 Ra7 29. Rd1 Be7 30. a3 h5 31. gxh5 gxh5 32. Rd5 h4 33. Rh5
1-0

[Event "Aeroflot Open 2012 B"]
[Site "Moscow"]
[Date "2012.02.13"]
[Round "7"]
[White "Narayanan.S.L"]
[Black "Guliyev, Namig"]
[Result "0-1"]
[WhiteElo "2320"]
[BlackElo "2545"]
[PlyCount "106"]
[EventDate "2012.02.07"]
[EventType "swiss"]

1. e4 c5 2. Nf3 d6 3. d4 cxd4 4. Nxd4 Nf6 5. Nc3 a6 6. Be3 e6 7. Be2 Qc7 8. a4
b6 9. f4 Bb7 10. Bf3 Be7 11. O-O O-O 12. Qe2 Nbd7 13. Rae1 g6 14. Kh1 e5 15.
Nb3 Rac8 16. g4 exf4 17. Bxf4 Ne5 18. g5 Nfd7 19. Bg2 Qc4 20. Qd2 Rfe8 21. Qf2
Bf8 22. Rd1 Qc7 23. Nc1 Bg7 24. Nd3 Nc4 25. Bc1 Nc5 26. Nxc5 bxc5 27. Rd3 Qe7
28. Rh3 Bd4 29. Qh4 h5 30. gxh6 Qxh4 31. Rxh4 f6 32. Ne2 Be5 33. b3 Nb6 34. Bd2
c4 35. h7+ Kg7 36. Bh6+ Kh8 37. Nf4 g5 38. Bxg5 fxg5 39. Ng6+ Kg7 40. h8=Q+
Rxh8 41. Rxh8 Kxg6 42. Rxc8 Bxc8 43. Rf8 Be6 44. Bf1 cxb3 45. cxb3 Bxb3 46. Rb8
Bc4 47. Bxc4 Nxc4 48. Rb4 Nb2 49. a5 Nd3 50. Rb6 Nc5 51. Kg2 g4 52. h3 gxh3+
53. Kxh3 Kg5 0-1